MCAD/MCSD : developing XML Web services and server components with Visual C# .NET and the Microsoft .NET Framework : exam 70-320 / (Record no. 15045)

MARC details
000 -LEADER
fixed length control field 01279cam a22003374a 4500
001 - CONTROL NUMBER
control field 13061025
003 - CONTROL NUMBER IDENTIFIER
control field mut
005 - DATE AND TIME OF LATEST TRANSACTION
control field 20240606081326.0
008 - FIXED-LENGTH DATA ELEMENTS--GENERAL INFORMATION
fixed length control field 030117s2003 inua b 001 0 eng
010 ## - LIBRARY OF CONGRESS CONTROL NUMBER
LC control number 2003100818
020 ## - INTERNATIONAL STANDARD BOOK NUMBER
International Standard Book Number 0789728249
035 ## - SYSTEM CONTROL NUMBER
System control number (DLC) 2003100818
040 ## - CATALOGING SOURCE
Original cataloging agency DLC
Transcribing agency mut
Modifying agency DLC
042 ## - AUTHENTICATION CODE
Authentication code pcc
050 00 - LIBRARY OF CONGRESS CALL NUMBER
Classification number TK5105.888
Item number .K35 2003
082 00 - DEWEY DECIMAL CLASSIFICATION NUMBER
Classification number 005.2/768
Edition information 22
100 1# - MAIN ENTRY--PERSONAL NAME
Personal name Kalani, Amit.
245 10 - TITLE STATEMENT
Title MCAD/MCSD : developing XML Web services and server components with Visual C# .NET and the Microsoft .NET Framework : exam 70-320 /
260 ## - PUBLICATION, DISTRIBUTION, ETC.
Place of publication, distribution, etc. [Indianapolis, Ind.] :
Name of publisher, distributor, etc. Que Certification,
Date of publication, distribution, etc. c2003.
300 ## - PHYSICAL DESCRIPTION
Extent xxvii, 1004 p. :
Other physical details ill. ;
Dimensions 24 cm. +
Accompanying material 1 CD-ROM (4 3/4 in.).
440 #0 - SERIES STATEMENT/ADDED ENTRY--TITLE
Title Training guide
504 ## - BIBLIOGRAPHY, ETC. NOTE
Bibliography, etc. note Includes bibliographical references and index.
650 #0 - SUBJECT ADDED ENTRY--TOPICAL TERM
Topical term or geographic name entry element Web site development.
650 #0 - SUBJECT ADDED ENTRY--TOPICAL TERM
Topical term or geographic name entry element Microsoft .NET Framework.
650 #0 - SUBJECT ADDED ENTRY--TOPICAL TERM
Topical term or geographic name entry element XML (Document markup language)
700 1# - ADDED ENTRY--PERSONAL NAME
Personal name Kalani, Priti.
700 1# - ADDED ENTRY--PERSONAL NAME
Personal name Tittel, Ed.
906 ## - LOCAL DATA ELEMENT F, LDF (RLIN)
a 7
b cbc
c orignew
d 2
e epcn
f 20
g y-gencatlg
942 ## - ADDED ENTRY ELEMENTS (KOHA)
Source of classification or shelving scheme Library of Congress Classification
Koha item type Books
Holdings
Withdrawn status Lost status Source of classification or shelving scheme Damaged status Not for loan Home library Current library Shelving location Date acquired Source of acquisition Total checkouts Full call number Barcode Date last seen Price effective from Koha item type
    Library of Congress Classification     Murang'a University of Technology Library Murang'a University of Technology Library General stacks 14/12/2017 Donation TFT   TK5105.888 .K35 2003 014556 30/08/2024 14/12/2017 Books